[Event "La Tour du Roi / Rethel"]
[Site "?"]
[Date "2011.11.13"]
[Round "2"]
[White "Lhoest, Alain"]
[Black "Louis, Vincent"]
[Result "1-0"]
[WhiteElo "1716"]
[BlackElo "1560"]
[PlyCount "103"]
[EventDate "2010.10.13"]
[SourceDate "2011.11.13"]

1. e4 e5 2. Nf3 Nc6 3. Bb5 Nf6 4. O-O Be7 5. d4 Nxe4 6. dxe5 Bc5 7. Qd5 Bxf2+
8. Rxf2 Nxf2 9. Kxf2 a6 10. Bxc6 bxc6 11. Qc4 Bb7 12. Qg4 Rg8 13. Bg5 f6 14.
Bxf6 Qb8 15. Bxg7 Qa7+ 16. Kf1 O-O-O 17. e6 Qe3 18. Nc3 Qxe6 19. Qxe6 dxe6 20.
Be5 Rdf8 21. Bg3 c5 22. Kf2 Rg5 23. Re1 Bd5 24. Nxd5 exd5 25. Re7 Rgf5 26.
Rxc7+ Kd8 27. Rxc5 d4 28. Be5 d3 29. cxd3 Kd7 30. d4 Rc8 31. Rxc8 Kxc8 32. g4
Rf7 33. Kg3 Rb7 34. d5 Rf7 35. h4 Kd8 36. g5 Ke8 37. h5 Rb7 38. Kg4 Kf7 39. a3
Rb5 40. d6 Rb8 41. Bf6 Ke6 42. b4 Rc8 43. Be5 Rf8 44. g6 hxg6 45. hxg6 Ra8 46.
g7 Re8 47. Kg5 Kf7 48. Kf5 Rd8 49. Ng5+ Kg8 50. Ne6 Rd7 51. Nf8 Rf7+ 52. Ke6
1-0

[Event "La Tour du Roi / Rethel"]
[Site "?"]
[Date "2011.11.13"]
[Round "2"]
[White "Mondel, Paul"]
[Black "Robert, Emmanuel"]
[Result "0-1"]
[WhiteElo "1528"]
[BlackElo "1600"]
[PlyCount "62"]
[EventDate "2010.10.13"]
[SourceDate "2011.11.13"]

1. e4 d5 2. exd5 Nf6 3. d4 Bg4 4. Nf3 Nxd5 5. Be2 Nc6 6. c4 Nf6 7. d5 Bxf3 8.
Bxf3 Ne5 9. Be2 Qd7 10. Nc3 e6 11. Bf4 Ng6 12. Bg3 Bb4 13. Qb3 Bxc3+ 14. Qxc3
exd5 15. Rd1 c6 16. O-O O-O 17. Bf3 Rad8 18. Qa3 d4 19. Rd3 Rfe8 20. Rfd1 Qe6
21. h4 Ng4 22. Qb4 c5 23. Qd2 N6e5 24. Bxg4 Nxg4 25. b4 b6 26. a4 Qxc4 27. Rc1
Qe6 28. bxc5 bxc5 29. Kf1 c4 30. Rxd4 Rxd4 31. Qxd4 Qe2+ 0-1

[Event "La Tour du Roi / Rethel"]
[Site "?"]
[Date "2011.11.13"]
[Round "2"]
[White "Genin, Adeline"]
[Black "Pohier, Manon"]
[Result "1-0"]
[WhiteElo "1050"]
[BlackElo "1130"]
[PlyCount "117"]
[EventDate "2010.10.13"]
[SourceDate "2011.11.13"]

1. e4 e5 2. Nf3 Nc6 3. Nc3 Bc5 4. Bc4 Nf6 5. d3 Bd4 6. Bd5 d6 7. O-O O-O 8. Bg5
h6 9. Bd2 Qd7 10. h3 b6 11. Rb1 Re8 12. Nb5 Bb7 13. c3 Nxd5 14. exd5 Nd8 15.
Nbxd4 exd4 16. Qb3 c6 17. Nxd4 cxd5 18. Rfe1 Re5 19. Bf4 Re7 20. Qb4 a5 21.
Qxd6 Qxd6 22. Bxd6 Rd7 23. Nf5 Ne6 24. c4 Re8 25. Re5 Kh8 26. cxd5 g6 27. dxe6
Rxe6 28. Be7 gxf5 29. Rxe6 fxe6 30. Bf6+ Kg8 31. d4 Be4 32. Re1 Rd5 33. Rc1 Kf7
34. Be5 b5 35. Rc7+ Kg6 36. Re7 b4 37. Rxe6+ Kg5 38. Bg7 f4 39. Rxe4 h5 40. Re6
a4 41. Ra6 a3 42. bxa3 bxa3 43. Rxa3 h4 44. Ra7 Kf5 45. Rf7+ Ke4 46. Be5 Rxd4
47. Bxd4 Kxd4 48. Rxf4+ Kd3 49. Ra4 Kc2 50. f4 Kb2 51. f5 Kc3 52. f6 Kd3 53. f7
Ke3 54. f8=Q Kd3 55. Ra3+ Kc2 56. Qf2+ Kb1 57. Ra8 Ka1 58. Re8 Kb1 59. Re1# 1-0

[Event "Chaumont/Reims"]
[Site "?"]
[Date "2011.12.11"]
[Round "3"]
[White "Picard, Serge"]
[Black "Droit, Vincent"]
[Result "1-0"]
[WhiteElo "2084"]
[BlackElo "2040"]
[PlyCount "81"]
[EventDate "2011.12.11"]
[SourceDate "2011.12.11"]

1. e4 c5 2. Nf3 a6 3. d4 cxd4 4. Nxd4 Nf6 5. Nc3 e5 6. Nf3 Bb4 7. Bd2 Nc6 8.
Bc4 d6 9. Nd5 Bc5 10. Qe2 Be6 11. Bg5 Bxd5 12. Bxd5 Qb6 13. c3 a5 14. O-O Nxd5
15. exd5 Ne7 16. Bxe7 Kxe7 17. Rab1 Kf8 18. b4 axb4 19. cxb4 Bd4 20. Nxd4 Qxd4
21. Qb5 Rxa2 22. Qxb7 g6 23. Qb8+ Kg7 24. Qxd6 Rd2 (24... Rha8) 25. b5 Ra8 26.
Rb4 Qxd5 27. Qxd5 Rxd5 28. b6 Rb8 29. b7 Rd7 30. Rfb1 Kf8 31. g4 f6 32. Rb6 Ke7
33. R1b5 Rd6 34. Kg2 f5 35. Rxe5+ Kd7 36. Rxd6+ Kxd6 37. Rb5 Kc6 38. Rb4 fxg4
39. Kg3 Kc5 40. Rb2 h5 41. Kh4 1-0

[Event "Chaumont/Reims"]
[Site "?"]
[Date "2011.12.11"]
[Round "3"]
[White "Djellouli, Hassine"]
[Black "Masera, Michel"]
[Result "1-0"]
[WhiteElo "2010"]
[BlackElo "1854"]
[Annotator "picard,serge"]
[PlyCount "95"]
[EventDate "2011.12.11"]
[SourceDate "2011.12.11"]

1. Nf3 c5 2. c4 Nf6 3. d4 cxd4 4. Nxd4 e5 5. Nb5 d5 6. cxd5 Bc5 7. N5c3 O-O 8.
Nd2 Nxd5 9. Nde4 Nxc3 10. Qxd8 Rxd8 (10... Nxe4 11. Qh4 Bxf2+ 12. Qxf2 Nxf2 13.
Kxf2) 11. bxc3 Bb6 12. Ba3 Nc6 13. e3 Ba5 14. Rc1 Rb8 15. Bc4 b5 16. Bb3 b4 17.
cxb4 Bxb4+ 18. Bxb4 Nxb4 19. O-O Bf5 20. Ng5 Rb7 21. Rfd1 Rf8 22. Rc5 Nd3 23.
Rd5 Nb4 24. Rxe5 Bg6 25. Rc5 h6 26. Nf3 Na6 27. Rc6 Rb6 28. Rxb6 axb6 29. Rd6
Nc5 30. Rxg6 Nxb3 31. Rxb6 Rc8 32. h4 Nc1 33. a4 Ra8 34. Rb4 Nd3 35. Rd4 Nc5
36. Ne5 Nxa4 37. Rd7 Rf8 38. h5 Nc5 39. Re7 Nb3 40. g4 Nc5 41. Kg2 Ne4 42. Nxf7
Nxf2 43. Kxf2 Rxf7+ 44. Rxf7 Kxf7 45. Kf3 g6 46. hxg6+ Kxg6 47. Kf4 Kf6 48. e4
1-0

[Event "Chaumont/Reims"]
[Site "?"]
[Date "2011.12.11"]
[Round "3"]
[White "Da Costa, Manuel"]
[Black "Zeroual, Mohamed"]
[Result "0-1"]
[WhiteElo "1928"]
[BlackElo "1925"]
[PlyCount "62"]
[EventDate "2011.12.11"]
[SourceDate "2011.12.11"]

1. e4 c5 2. c3 Nc6 3. d4 d5 4. e5 e6 5. Nf3 Qb6 6. Be2 Nh6 7. Bxh6 Qxb2 8. Bxg7
Bxg7 9. Nbd2 cxd4 10. cxd4 Nxd4 11. Qa4+ Nc6 12. O-O Qb4 13. Qc2 Qf4 14. Bb5
Bd7 15. g3 Qg4 16. Kg2 Rc8 17. Nb3 Qxf3+ 18. Kg1 Bxe5 19. Rae1 Bd6 20. Nd4 Qf6
21. Nxc6 Bxc6 22. Bxc6+ Rxc6 23. Qb3 Qe7 24. Rd1 O-O 25. Rd4 Be5 26. Rg4+ Kh8
27. Qe3 Bg7 28. Qxa7 Rfc8 29. Qe3 Rc3 30. Qd2 Qf6 31. Qe2 Qf3 0-1

[Event "Chaumont/Reims"]
[Site "?"]
[Date "2011.12.11"]
[Round "3"]
[White "Garcia, Gilles"]
[Black "Kerlau, Gildas"]
[Result "1/2-1/2"]
[WhiteElo "1937"]
[BlackElo "1744"]
[PlyCount "53"]
[EventDate "2011.12.11"]
[SourceDate "2011.12.11"]

1. d4 Nf6 2. Nc3 d5 3. e4 Nxe4 4. Nxe4 dxe4 5. Bf4 Bf5 6. Bb5+ c6 7. Bc4 e6 8.
f3 Nd7 9. fxe4 Bxe4 10. Nf3 Be7 11. O-O Nb6 12. Bb3 Bd5 13. c3 Bxb3 14. axb3
Nd5 15. Ne5 O-O 16. Qg4 Nxf4 17. Rxf4 Bd6 18. Re1 Qe7 19. Rf3 Rae8 20. Rh3 g6
21. Rh6 Bxe5 22. Rxe5 f5 23. Qe2 Rf6 24. Rh3 f4 25. c4 Rf5 26. Rf3 Qf6 27. Re4
1/2-1/2

[Event "Chaumont/Reims"]
[Site "?"]
[Date "2011.12.11"]
[Round "3"]
[White "Samavar, Siavosh"]
[Black "Voguet, François"]
[Result "1-0"]
[WhiteElo "1890"]
[BlackElo "1751"]
[PlyCount "43"]
[EventDate "2011.12.11"]
[SourceDate "2011.12.11"]

1. d4 b6 2. c4 Bb7 3. Nc3 Nf6 4. Bg5 e6 5. e3 Be7 6. Nf3 d5 7. Bd3 O-O 8. O-O
Nbd7 9. Rc1 c5 10. Re1 Rc8 11. cxd5 Nxd5 12. Bxe7 Qxe7 13. e4 Nf4 14. d5 Nxd3
15. Qxd3 exd5 16. exd5 Qf6 17. Ne4 Qxb2 18. Rc2 Ne5 19. Nf6+ gxf6 20. Rxe5 Qb4
21. Rc4 Qb5 22. Rg4+ 1-0

[Event "Chaumont/Reims"]
[Site "?"]
[Date "2011.12.11"]
[Round "3"]
[White "Parisot, Anthony"]
[Black "Brajon, Eric"]
[Result "1/2-1/2"]
[WhiteElo "1667"]
[BlackElo "1940"]
[PlyCount "104"]
[EventDate "2011.12.11"]
[SourceDate "2011.12.11"]

1. Nf3 g6 2. d4 d6 3. c4 Bg7 4. Nc3 Nd7 5. e4 c5 6. d5 Ngf6 7. Be2 O-O 8. O-O
a6 9. a4 Rb8 10. Qc2 Ng4 11. Ne1 Nb6 12. h3 Ne5 13. b3 f5 14. a5 Na8 15. Bb2
fxe4 16. Nxe4 b5 17. f4 Nf7 18. Bxg7 Kxg7 19. Nf3 Bf5 20. Bd3 bxc4 21. bxc4 Nc7
22. Neg5 Nh6 23. Nh4 e5 24. Nxf5+ Nxf5 25. Bxf5 Rxf5 26. Qc3 Kg8 27. Ne4 exf4
28. Rae1 Qf8 29. Nd2 Qg7 30. Qxg7+ Kxg7 31. Re7+ Rf7 32. Rxf7+ Kxf7 33. Rxf4+
Ke7 34. Ne4 Ne8 35. Ng5 Nf6 36. Ne4 Nxe4 37. Rxe4+ Kd7 38. Kf2 Rb2+ 39. Kf3 Ra2
40. Rh4 h5 41. g4 Ra3+ 42. Ke4 Rc3 43. Kf4 Rxc4+ 44. Kg5 Rd4 45. Kxg6 Rxd5 46.
Rxh5 Re5 47. Rxe5 dxe5 48. Kf5 c4 49. Ke4 Ke6 50. h4 Kf6 51. Ke3 Kg6 52. Ke4
Kf6 1/2-1/2

[Event "Chaumont/Reims"]
[Site "?"]
[Date "2011.12.11"]
[Round "3"]
[White "Louot, Catherine"]
[Black "Barnier, Christophe"]
[Result "0-1"]
[WhiteElo "1567"]
[BlackElo "1857"]
[PlyCount "58"]
[EventDate "2011.12.11"]
[SourceDate "2011.12.11"]

1. e4 Nc6 2. d4 d5 3. exd5 Qxd5 4. Be3 e5 5. c3 exd4 6. cxd4 Be6 7. a3 Qb3 8.
Qxb3 Bxb3 9. Bb5 Nge7 10. Nc3 O-O-O 11. Nf3 a6 12. Bxc6 Nxc6 13. O-O f6 14. Nd2
Bf7 15. Ne2 Bh5 16. f3 Re8 17. Ng3 Rxe3 18. Nxh5 Nxd4 19. Nc4 Re2 20. Rad1 Bc5
21. Kh1 b5 22. b4 Ba7 23. Nd2 Nf5 24. Rc1 Rxd2 25. g4 Nh4 26. Nxg7 Rg8 27. Ne6
Bb6 28. Rc6 Kd7 29. Rfc1 Nxf3 0-1

[Event "Chaumont/Reims"]
[Site "?"]
[Date "2011.12.11"]
[Round "3"]
[White "Brajon, Victoria"]
[Black "Mouriot, Didier"]
[Result "1/2-1/2"]
[WhiteElo "1447"]
[BlackElo "1420"]
[PlyCount "82"]
[EventDate "2011.12.11"]
[SourceDate "2011.12.11"]

1. e4 e5 2. Nf3 Nc6 3. Bc4 Be7 4. c3 d6 5. d4 Bf6 6. Bb5 Bd7 7. Be3 a6 8. Be2
b5 9. O-O Bg4 10. Nbd2 Nge7 11. dxe5 dxe5 12. Nb3 O-O 13. Nfd2 Bxe2 14. Qxe2
Qc8 15. Bc5 Re8 16. Bxe7 Bxe7 17. f4 Bd6 18. f5 Be7 19. Rf3 Bg5 20. Raf1 Qd8
21. Rh3 h6 22. Rd3 Qf6 23. Rff3 Rad8 24. Nc5 Rxd3 25. Rxd3 Nb8 26. Ndb3 Rd8 27.
Rxd8+ Qxd8 28. Nb7 Qc8 29. N7c5 Be7 30. Qd3 Bxc5+ 31. Nxc5 Kh7 32. Qd5 Qe8 33.
b4 Kh8 34. Qa8 Qc8 35. Nxa6 Qxa6 36. Qxb8+ Kh7 37. Qxc7 Qxa2 38. Qxe5 Qe2 39.
h3 f6 40. Qd4 Qc2 41. Kh2 Qc1 1/2-1/2

[Event "N4 - Rethel 1 - Echiquier Aubois I"]
[Site "?"]
[Date "2011.11.12"]
[Round "3"]
[White "Guyot, Philippe"]
[Black "Gasior, jerome"]
[Result "1/2-1/2"]
[WhiteElo "1984"]
[BlackElo "2157"]
[PlyCount "47"]
[EventDate "2011.10.16"]
[SourceDate "2011.12.12"]

1. d4 Nf6 2. Nf3 c5 3. e3 e6 4. Bd3 Be7 5. O-O b6 6. Nbd2 Bb7 7. b3 cxd4 8.
exd4 O-O 9. Bb2 d6 10. c4 Nbd7 11. Rc1 Rc8 12. Re1 Re8 13. Bb1 Nf8 14. Ng5 Rc7
15. Nge4 Nxe4 16. Bxe4 Bxe4 17. Nxe4 d5 18. cxd5 Rxc1 19. Qxc1 exd5 20. Ng3 Ne6
21. Qc6 Qa8 22. Qxa8 Rxa8 23. Nf5 Bf6 24. Ne3 1/2-1/2

[Event "N4 - Rethel 1 - Echiquier Aubois I"]
[Site "?"]
[Date "2011.12.11"]
[Round "3"]
[White "Prost, Catherine"]
[Black "Pohier, manon"]
[Result "1-0"]
[WhiteElo "1310"]
[BlackElo "1120"]
[PlyCount "57"]
[EventDate "2011.10.16"]
[SourceDate "2011.12.12"]

1. Nf3 Nc6 2. b3 e5 3. Bb2 Bd6 4. e3 b6 5. Bb5 Bb7 6. d3 Qf6 7. Nbd2 Bb4 8. c3
a6 9. Bxc6 Bxc6 10. cxb4 d6 11. O-O Ne7 12. Rc1 O-O 13. Qe2 Rac8 14. Rc2 Bd5
15. Rfc1 c6 16. e4 Be6 17. a4 b5 18. h3 Rfd8 19. d4 Ng6 20. dxe5 dxe5 21. Rxc6
Ne7 22. Rxc8 Nxc8 23. Bxe5 Qe7 24. Nd4 Rd7 25. Rxc8+ Rd8 26. Rxd8+ Qxd8 27.
Nxe6 f6 28. Nxd8 fxe5 29. Qf3 1-0

[Event "N4 - Rethel 1 - Echiquier Aubois I"]
[Site "?"]
[Date "2011.12.11"]
[Round "3"]
[White "Meunier, Samuel"]
[Black "ferrand, Christophe"]
[Result "0-1"]
[WhiteElo "1940"]
[BlackElo "1877"]
[PlyCount "42"]
[EventDate "2011.10.16"]
[SourceDate "2011.12.12"]

1. e4 e6 2. d4 d5 3. Nd2 Nf6 4. e5 Nfd7 5. c3 c5 6. Bd3 Nc6 7. Ne2 cxd4 8. cxd4
f6 9. exf6 Nxf6 10. O-O Bd6 11. Nf3 O-O 12. Bg5 Qc7 13. Rc1 Bd7 14. Re1 Rae8
15. Ng3 Ng4 16. Bb1 Qb6 17. Qd3 g6 18. h3 Nxf2 19. Kxf2 Nxd4 20. Be3 Bxg3+ 21.
Kxg3 Qd6+ 0-1

[Event "N4 - Rethel 1 - Echiquier Aubois I"]
[Site "?"]
[Date "2011.12.11"]
[Round "3"]
[White "Moine, Patrick"]
[Black "sohier, Renaud"]
[Result "0-1"]
[WhiteElo "1886"]
[BlackElo "1986"]
[PlyCount "84"]
[EventDate "2011.10.16"]
[SourceDate "2011.12.12"]

1. d4 d5 2. c4 c6 3. Nc3 Nf6 4. Nf3 dxc4 5. e3 b5 6. Qc2 Bb7 7. Be2 e6 8. Bd2
Nbd7 9. h3 a6 10. Rd1 c5 11. O-O cxd4 12. exd4 Be7 13. Bf4 O-O 14. Ne5 Nb6 15.
Bg5 Qc7 16. Bxf6 Bxf6 17. Bf3 Nd5 18. Nxd5 exd5 19. Rfe1 Rfe8 20. Qf5 Bc8 21.
Qf4 Be6 22. Qg3 g6 23. h4 Bg7 24. h5 f6 25. Ng4 Qxg3 26. fxg3 Bf7 27. hxg6 hxg6
28. Kf2 b4 29. Re3 f5 30. Ne5 Bxe5 31. dxe5 Rad8 32. e6 Bxe6 33. Rxe6 Rxe6 34.
Rxd5 Red6 35. Rc5 Rd2+ 36. Kg1 b3 37. axb3 cxb3 38. Rc6 R8d6 39. Rc8+ Kg7 40.
Kh2 Rxb2 41. Kh3 g5 42. g4 Rh6+ 0-1

[Event "N4 - Rethel 1 - Echiquier Aubois I"]
[Site "?"]
[Date "2011.12.11"]
[Round "3"]
[White "Vedovotto, Nicolas"]
[Black "Dieux, Frankcy"]
[Result "1-0"]
[WhiteElo "2072"]
[BlackElo "2049"]
[PlyCount "55"]
[EventDate "2011.10.16"]
[SourceDate "2011.12.12"]

1. Nc3 d5 2. e4 e6 3. d4 dxe4 4. Nxe4 Bd7 5. Nf3 Bc6 6. Bd3 Nd7 7. O-O Ngf6 8.
Qe2 Be7 9. Ned2 O-O 10. Nc4 Bb5 11. a4 Ba6 12. Rd1 Nb6 13. Nce5 Bxd3 14. Nxd3
a5 15. b3 Nbd5 16. Bd2 Nd7 17. c4 N5f6 18. Bc3 c6 19. Nde5 h6 20. Rd3 Qc7 21.
Rad1 Rfe8 22. Nd2 Bd6 23. f4 c5 24. Kh1 cxd4 25. Bxd4 Nc5 26. Rg3 Rad8 27. Ng4
Bxf4 28. Nxf6+ 1-0

[Event "N4 - Rethel 1 - Echiquier Aubois I"]
[Site "?"]
[Date "2011.12.11"]
[Round "3"]
[White "Noizet, Donatien"]
[Black "Hascher, Nicolas"]
[Result "0-1"]
[WhiteElo "1973"]
[BlackElo "1961"]
[PlyCount "90"]
[EventDate "2011.10.16"]
[SourceDate "2011.12.12"]

1. e4 c5 2. Nf3 d6 3. d4 cxd4 4. Nxd4 Nf6 5. Bd3 e5 6. Ne2 d5 7. exd5 Nxd5 8.
Bb5+ Nc6 9. Bxc6+ bxc6 10. c4 Nb4 11. Qxd8+ Kxd8 12. Kd2 Bf5 13. Na3 Kc7 14.
Rd1 Nd3 15. Ng3 Bg6 16. Ke2 Rd8 17. f3 Nxc1+ 18. Raxc1 Bxa3 19. bxa3 Rxd1 20.
Rxd1 Rd8 21. Rxd8 Kxd8 22. Kd2 Kc7 23. c5 Kd7 24. Ne4 Bxe4 25. fxe4 h5 26. h3
h4 27. Ke3 g6 28. Kf3 f5 29. Ke3 Ke6 30. Kd3 Kf6 31. Ke3 Kg5 32. Kf3 a5 33. a4
Kh5 34. Ke3 f4+ 35. Kf3 g5 36. a3 g4+ 37. Kf2 Kg5 38. Ke2 f3+ 39. gxf3 gxh3 40.
Kf1 Kf4 41. Kf2 h2 42. Kg2 h1=Q+ 43. Kxh1 Kxf3 44. Kh2 Kxe4 45. Kh3 Kf3 0-1

[Event "N4 - Rethel 1 - Echiquier Aubois I"]
[Site "?"]
[Date "2011.12.11"]
[Round "3"]
[White "Goumet, Jean"]
[Black "Biniaux, Michael"]
[Result "0-1"]
[WhiteElo "1680"]
[BlackElo "1726"]
[PlyCount "54"]
[EventDate "2011.10.16"]
[SourceDate "2011.12.12"]

1. e4 d5 2. exd5 Qxd5 3. Nc3 Qa5 4. h3 Nf6 5. Nf3 c6 6. Bc4 Bf5 7. O-O e6 8. a3
Nbd7 9. b4 Bxb4 10. Bb2 Bd6 11. d3 Ne5 12. Bb3 Nxf3+ 13. Qxf3 Qe5 14. Qg3 Qxg3
15. fxg3 Bxg3 16. Rad1 O-O-O 17. Ne2 Bc7 18. Rb1 Ne8 19. Kh1 h5 20. Ng1 Rg8 21.
Nf3 g5 22. Be5 g4 23. Bxc7 Nxc7 24. hxg4 hxg4 25. Nh2 g3 26. Nf3 Rh8+ 27. Kg1
Rh5 0-1

[Event "N4 - Rethel 1 - Echiquier Aubois I"]
[Site "?"]
[Date "2011.12.11"]
[Round "3"]
[White "Noizet, Regis"]
[Black "Roussel, Jean-Marc"]
[Result "1-0"]
[WhiteElo "1611"]
[BlackElo "1634"]
[PlyCount "96"]
[EventDate "2011.10.16"]
[SourceDate "2011.12.12"]

1. d4 d5 2. c4 c6 3. cxd5 cxd5 4. Nc3 Nc6 5. Nf3 Nf6 6. e3 e6 7. a3 a6 8. b4
Be7 9. Bd3 b5 10. Qc2 O-O 11. Nxb5 Bb7 12. Nc3 Rc8 13. Bd2 Qc7 14. Qb2 Rfe8 15.
Rc1 Qb8 16. Na4 Nd7 17. Nc5 Nxc5 18. dxc5 Bf6 19. Qb1 g6 20. h4 e5 21. Bc2 e4
22. Ng1 Ne5 23. Ne2 Nc4 24. Rd1 Nxd2 25. Rxd2 Qc7 26. Nd4 a5 27. Bd1 Rb8 28. h5
axb4 29. axb4 Ba6 30. Be2 Bc8 31. hxg6 fxg6 32. O-O Bxd4 33. Rxd4 Qa7 34. Qc2
Be6 35. Rb1 Rec8 36. c6 Rc7 37. b5 Qb6 38. Ra1 Ra7 39. Rxa7 Qxa7 40. Ra4 Qc7
41. Qc5 Qb6 42. Qe7 Bf7 43. Ra7 Rf8 44. Rb7 Qd8 45. Qxd8 Rxd8 46. c7 Rc8 47.
Bg4 Rxc7 48. Rxc7 Kf8 1-0

[Event "La Tour du Roi/Bogny"]
[Site "?"]
[Date "2011.12.11"]
[Round "3"]
[White "Szylar, Eric"]
[Black "Leghbali, Sophiane"]
[Result "1-0"]
[WhiteElo "2066"]
[BlackElo "1905"]
[PlyCount "155"]
[EventDate "2011.12.11"]
[SourceDate "2011.12.15"]

1. e4 e6 2. d4 d5 3. Nd2 Nf6 4. e5 Nfd7 5. Bd3 c5 6. c3 Nc6 7. Ne2 cxd4 8. cxd4
Be7 9. O-O O-O 10. f4 f5 11. exf6 Nxf6 12. Nf3 Bd7 13. Ne5 Qb6 14. Kh1 Rac8 15.
Be3 Nxe5 16. fxe5 Ng4 17. Bg1 Rxf1 18. Qxf1 Rf8 19. Qc1 Bb5 20. Bxb5 Qxb5 21.
Nc3 Qd3 22. Qe1 Bg5 23. h3 Nh6 24. Rd1 Qc2 25. Be3 Bxe3 26. Qxe3 Nf5 27. Qd2
Ng3+ 28. Kg1 Qf5 29. Qe3 Qg6 30. a3 h5 31. Ne2 Qc2 32. Re1 Ne4 33. Nf4 h4 34.
Re2 Qc8 35. Ng6 Rf7 36. Nxh4 Qf8 37. Nf3 Rf5 38. Rc2 Qf7 39. Kh2 Rh5 40. g4 Rh6
41. Kg2 Rg6 42. Qc1 Qd7 43. Qf4 Qb5 44. Qe3 a5 45. g5 Qd7 46. h4 Qe7 47. Qf4
Qd8 48. Qc1 Kh7 49. Kh3 Qf8 50. Qe3 Qf5+ 51. Kg2 Nxg5 52. hxg5 Qxc2+ 53. Kg3
Qf5 54. Qf4 Kg8 55. Qh4 a4 56. Qg4 Kf7 57. Kh4 Kg8 58. Kh3 Kh7 59. Kg3 Kg8 60.
Kh4 Kf7 61. Kg3 Kg8 62. Qf4 Kh7 63. Qc1 Kg8 64. Qe3 Kf7 65. Kh4 Kg8 66. Ng1 Kh7
67. Nh3 Kg8 68. Ng1 Kf7 69. Ne2 Kg8 70. Ng3 Qf7 71. Kg4 Kh7 72. Qf4 Qe7 73. Nf1
Kg8 74. Nd2 Qd8 75. Nf3 Qe7 76. Nh4 Qe8 77. Qc1 Qf7 78. Qc2 1-0

[Event "La Tour du Roi/Bogny"]
[Site "?"]
[Date "2011.12.11"]
[Round "3"]
[White "Guyon, Cyndie"]
[Black "Lassalle, Arnaud"]
[Result "0-1"]
[WhiteElo "1921"]
[BlackElo "2064"]
[PlyCount "50"]
[EventDate "2011.12.11"]
[SourceDate "2011.12.15"]

1. d4 Nf6 2. Bg5 Ne4 3. Bh4 c6 4. c3 Qb6 5. Qc2 d5 6. Nd2 Bf5 7. Nxe4 Bxe4 8.
Qd2 Nd7 9. e3 e5 10. Ne2 Bd6 11. Bg3 O-O 12. c4 Bb4 13. Nc3 exd4 14. exd4 Rfe8
15. Kd1 Nf6 16. Be5 dxc4 17. Bxf6 gxf6 18. a3 Rad8 19. Kc1 Rxd4 20. Qe3 Bxc3
21. Qxc3 Qb3 22. Qxb3 cxb3 23. Be2 Bxg2 24. Rg1 Rxe2 25. Rxg2+ Kf8 0-1

[Event "La Tour du Roi/Bogny"]
[Site "?"]
[Date "2011.12.11"]
[Round "3"]
[White "Halfaoui, Eddine"]
[Black "Flamant, Jacky"]
[Result "1/2-1/2"]
[WhiteElo "1858"]
[BlackElo "1783"]
[PlyCount "108"]
[EventDate "2011.12.11"]
[SourceDate "2011.12.15"]

1. e4 e6 2. d4 d5 3. e5 c5 4. c3 Nc6 5. Nf3 Nge7 6. a3 Qb6 7. b4 cxb4 8. cxb4
Nf5 9. Bb2 Bd7 10. Be2 Rc8 11. O-O Be7 12. g4 Nh4 13. Nbd2 Ng6 14. Nb3 O-O 15.
Qd2 f5 16. gxf5 Rxf5 17. Nc5 Bxc5 18. bxc5 Qd8 19. Kh1 Qf8 20. Qe3 Nce7 21. Rg1
Rf4 22. Rg3 Nf5 23. Qd3 Nxg3+ 24. fxg3 Rf5 25. Qe3 h6 26. Kg2 Ne7 27. Bd3 Rf7
28. Nh4 Rc7 29. Bc3 Bc6 30. Ng6 Qe8 31. Bc2 Nf5 32. Qd2 Ba4 33. Bd3 b6 34. g4
Nxd4 35. Bxd4 bxc5 36. Bb2 c4 37. Bc2 Bxc2 38. Qxc2 Qc6 39. Bd4 Rb7 40. Rf1
Rxf1 41. Kxf1 Rf7+ 42. Ke2 Qb5 43. a4 Qb3 44. Qxb3 cxb3 45. Ke3 Rb7 46. Bb2 Rb4
47. Nf4 Kf7 48. h3 Rxa4 49. Nd3 a5 50. Kd2 Rc4 51. Ba3 a4 52. Nb2 Re4 53. Nd3
Rc4 54. Nb2 Re4 1/2-1/2

[Event "La Tour du Roi/Bogny"]
[Site "?"]
[Date "2011.12.11"]
[Round "3"]
[White "Renard, Luc"]
[Black "Louis, André"]
[Result "1-0"]
[WhiteElo "1781"]
[BlackElo "1768"]
[PlyCount "77"]
[EventDate "2011.12.11"]
[SourceDate "2011.12.15"]

1. d4 Nf6 2. Nf3 e6 3. Bg5 Bb4+ 4. c3 Be7 5. Nbd2 d5 6. e3 O-O 7. Bd3 Nbd7 8.
Qc2 h6 9. h4 c5 10. O-O-O c4 11. Be2 b5 12. Ne5 Bb7 13. Bf4 a5 14. g4 b4 15.
Rdg1 bxc3 16. bxc3 Ba3+ 17. Kd1 Nxe5 18. Bxe5 Ne4 19. Nxe4 dxe4 20. g5 Bd6 21.
Bxd6 Qxd6 22. gxh6 g6 23. h5 Kh7 24. hxg6+ fxg6 25. f4 Bd5 26. Bf3 Qc6 27. Qg2
Qa4+ 28. Ke1 Qe8 29. Bxe4 Bxe4 30. Qxe4 Rb8 31. Rg2 Rf6 32. Rh5 Qf8 33. Rxa5
Qxh6 34. Ra7+ Kh8 35. Ra8 Rxa8 36. Qxa8+ Rf8 37. Qe4 Qh1+ 38. Kd2 Qa1 39. Qe5+
1-0

[Event "La Tour du Roi/Bogny"]
[Site "?"]
[Date "2011.12.11"]
[Round "3"]
[White "Hacene, Ahmed"]
[Black "Alcidi, Valentin"]
[Result "1-0"]
[WhiteElo "1781"]
[BlackElo "1798"]
[PlyCount "64"]
[EventDate "2011.12.11"]
[SourceDate "2011.12.15"]

1. d4 Nf6 2. Nf3 e6 3. Bg5 Be7 4. e3 b6 5. Bd3 Bb7 6. Nbd2 h6 7. Bh4 O-O 8. O-O
d6 9. Bxf6 Bxf6 10. Ne4 Bxe4 11. Bxe4 d5 12. Bd3 c5 13. c3 Nd7 14. Re1 cxd4 15.
exd4 Re8 16. Ne5 Bxe5 17. dxe5 Qc7 18. f4 a6 19. Qe2 b5 20. Rac1 f5 21. b3 Nc5
22. Bb1 Qa7 23. Kh1 Ne4 24. Bxe4 dxe4 25. c4 bxc4 26. Rxc4 Rac8 27. Rec1 Rxc4
28. Rxc4 Rd8 29. Rc3 Qd4 30. Rc1 e3 31. g3 Qe4+ 32. Qg2 e2 1-0

[Event "La Tour du Roi/Bogny"]
[Site "?"]
[Date "2011.12.11"]
[Round "3"]
[White "Waczecka, Jerome"]
[Black "Fauchart, Francois"]
[Result "1-0"]
[WhiteElo "1726"]
[BlackElo "1654"]
[PlyCount "139"]
[EventDate "2011.12.11"]
[SourceDate "2011.12.15"]

1. d4 d5 2. Nf3 Bf5 3. e3 Nf6 4. c4 c6 5. Nc3 e6 6. Be2 Be7 7. O-O O-O 8. Qb3
Qb6 9. Qxb6 axb6 10. a3 dxc4 11. Bxc4 b5 12. Bb3 b4 13. Na2 bxa3 14. bxa3 Nbd7
15. Nc3 b5 16. Bb2 Nb6 17. Ne5 Rfc8 18. h3 h6 19. Rfc1 Nbd7 20. Nxd7 Nxd7 21.
Bc2 Bxc2 22. Rxc2 b4 23. axb4 Rxa1+ 24. Bxa1 Bxb4 25. Ne4 Nb6 26. Bc3 Be7 27.
Ba5 Nd5 28. Kf1 Ra8 29. Bd2 f5 30. Nc5 Kf7 31. Nd7 Ra1+ 32. Ke2 Ra6 33. Ne5+
Kf6 34. Nxc6 Bd6 35. Na5 Bb4 36. Nb3 g5 37. Nc5 Ra7 38. Rb2 Bxc5 39. dxc5 Rc7
40. Rc2 e5 41. c6 Ke6 42. Ba5 Rc8 43. c7 Kd7 44. Rc5 Kd6 45. Rb5 h5 46. Rb8 Kd7
47. Rb5 Kc6 48. Rb8 Kd7 49. Rxc8 Kxc8 50. Kd3 g4 51. Kc4 gxh3 52. gxh3 Nf6 53.
f3 f4 54. exf4 e4 55. fxe4 Nxe4 56. Kd4 Nf6 57. Ke5 Nd7+ 58. Kf5 Nc5 59. Bb6
Nd7 60. Ba5 Nc5 61. Kg6 Ne6 62. f5 Nf4+ 63. Kh6 Nxh3 64. Kxh5 Nf4+ 65. Kg5 Nh3+
66. Kh6 Nf2 67. f6 Ng4+ 68. Kg7 Ne3 69. f7 Nf5+ 70. Kf6 1-0

[Event "La Tour du Roi/Bogny"]
[Site "?"]
[Date "2011.12.11"]
[Round "3"]
[White "Mondeel, Paul"]
[Black "Prioux, Michel"]
[Result "0-1"]
[WhiteElo "1528"]
[BlackElo "1802"]
[PlyCount "58"]
[EventDate "2011.12.11"]
[SourceDate "2011.12.15"]

1. e4 c6 2. d4 d5 3. e5 Bf5 4. Nf3 e6 5. c4 Ne7 6. Nc3 Bg4 7. Be3 Nd7 8. c5 b6
9. Be2 bxc5 10. O-O Bxf3 11. Bxf3 cxd4 12. Bxd4 c5 13. Nb5 Nf5 14. Re1 cxd4 15.
Qa4 Be7 16. Bg4 Nh6 17. Qxd4 O-O 18. Bh3 Qb6 19. Qxb6 Nxb6 20. Rac1 a6 21. Nd4
Rfc8 22. Rc6 Rxc6 23. Nxc6 Kf8 24. a3 Rc8 25. Rc1 Bg5 26. Rc2 Ke8 27. Nd4 Rxc2
28. Nxc2 Bf4 29. Nd4 Bxe5 0-1

[Event "La Tour du Roi/Bogny"]
[Site "?"]
[Date "2011.12.11"]
[Round "3"]
[White "Husson, Christophe"]
[Black "Genin, Adeline"]
[Result "1-0"]
[WhiteElo "1680"]
[BlackElo "1050"]
[PlyCount "59"]
[EventDate "2011.12.11"]
[SourceDate "2011.12.15"]

1. d4 d5 2. c4 c6 3. Nc3 Nf6 4. Bg5 Bg4 5. Qb3 Nbd7 6. cxd5 cxd5 7. Nxd5 e6 8.
Nc3 Be7 9. e3 O-O 10. Bd3 e5 11. Nge2 h6 12. Bxf6 Nxf6 13. d5 Nd7 14. Ne4 Bf5
15. d6 Qa5+ 16. Qc3 Bd8 17. O-O Rc8 18. Qxc8 Bxe4 19. Bxe4 Nf6 20. Qxb7 Qa4 21.
Nc3 Qc4 22. Bd5 Qd3 23. Rfd1 Qf5 24. Bf3 Re8 25. Ne4 Re7 26. dxe7 Ba5 27. Nxf6+
gxf6 28. Qb8+ Kg7 29. Qf8+ Kg6 30. Qg8# 1-0